000 00632nam a2200181Ia 4500
008 100917s9999 xx 000 0 und d
082 _b29243
100 _aविद्यार्थी लेखन
245 _aमुलांच्या शब्दात शिंदे
260 _bव्हीनस प्रकाशन
_c1974
300 _a76
365 _b3
520 _aबालविभाग
630 _aमुलांच्या शब्दात शिंदे
650 _aबालविभाग
730 _aमुलांच्या शब्दात शिंदे
942 _cBOOK
999 _c634637
_d634634